| 000 | 00743nam a22002171i 4500 | ||
|---|---|---|---|
| 001 | 189107 | ||
| 003 | SpMaBN | ||
| 005 | 20250315062602.0 | ||
| 008 | 190329s1952 sp |||| | spa d | ||
| 080 | _a821.134.2(460.23)-14"19"(082.2) | ||
| 245 | 0 | 0 |
_aAntología de poetas catalanes contemporáneos / _cPaulina Crusat. |
| 260 |
_aMadrid : _bRialp, _c1952. |
||
| 300 |
_a187 p. ; _c15 cm. |
||
| 490 | 1 |
_aAdonais ; _v83-84 |
|
| 650 | 4 |
_aPoesías españolas- _zCataluña. _9166742 |
|
| 650 | 4 |
_aPoesía catalana- _yS.XX _916206 |
|
| 700 | 1 |
_aCrusat, Paulina. _941773 |
|
| 830 | 0 | 0 |
_aAdonáis _v83-84 _9173743 |
| 852 |
_aES-MaACL _jL-32276 _z. - Donat. herederos de la bibl. de Mª del Pilar Costa Palacín |
||
| 999 |
_c189107 _d189107 |
||